มนุษยศาสตร์ในทศวรรษใหม่ : พลวัตแห่งองค์ความรู้กับพหุลักษณ์ทางวัฒนธรรม (ระเบียนเลขที่ 64202)
| 000 -LEADER | |
|---|---|
| fixed length control field | 01153nam a22002297a 4500 |
| 005 - DATE AND TIME OF LATEST TRANSACTION | |
| control field | 20240724233249.0 |
| 008 - FIXED-LENGTH DATA ELEMENTS--GENERAL INFORMATION | |
| fixed length control field | s2554 th tha d |
| 020 ## - INTERNATIONAL STANDARD BOOK NUMBER | |
| International Standard Book Number | 9786167522586 |
| 041 ## - LANGUAGE CODE | |
| Language code of text/sound track or separate title | tha |
| 050 ## - LIBRARY OF CONGRESS CALL NUMBER | |
| Classification number | H62.4 ม173 2554 |
| 100 0# - MAIN ENTRY--PERSONAL NAME | |
| Personal name | นัทธนัย ประสานนาม, บรรณาธิการ |
| 245 10 - TITLE STATEMENT | |
| Title | มนุษยศาสตร์ในทศวรรษใหม่ : พลวัตแห่งองค์ความรู้กับพหุลักษณ์ทางวัฒนธรรม |
| 260 3# - PUBLICATION, DISTRIBUTION, ETC. | |
| Place of publication, distribution, etc. | กรุงเทพฯ : |
| Name of publisher, distributor, etc. | คณะมนุษยศาสตร์ มหาวิทยาลัยเกษตรศาสตร์, |
| Date of publication, distribution, etc. | 2554 |
| 300 ## - PHYSICAL DESCRIPTION | |
| Extent | 399 หน้า : |
| Other physical details | ตาราง ; |
| Dimensions | 26 ซม. |
| 650 04 - SUBJECT ADDED ENTRY--TOPICAL TERM | |
| Topical term or geographic name entry element | วัฒนธรรม -- วิจัย |
| 650 04 - SUBJECT ADDED ENTRY--TOPICAL TERM | |
| Topical term or geographic name entry element | มนุษยศาสตร์ -- วิจัย |
| 850 ## - HOLDING INSTITUTION | |
| Holding institution | NALT |
| 942 ## - ADDED ENTRY ELEMENTS (KOHA) | |
| Koha item type | Research/Thesis |
| 997 ## - | |
| -- | บ24133 |
| 997 ## - | |
| -- | 000000000064202 |
| 998 ## - LOCAL CONTROL INFORMATION (RLIN) | |
| -- | นางสาวเบญจลักษณ์ สุทธิวิไล |
| Withdrawn status | Lost status | Damaged status | Not for loan | Collection code | Home library | Current library | Source of acquisition | Total Checkouts | Full call number | Barcode | Date last seen | Price effective from | Koha item type |
|---|---|---|---|---|---|---|---|---|---|---|---|---|---|
| Research & Theses collection | National Assembly Library of Thailand | National Assembly Library of Thailand | บริจาค | ว H62.4 ม173 2554 | 3961184939 | 09/06/2017 | 09/06/2017 | Research/Thesis |
